ბათუმის შოთა რუსთაველის სახელმწიფო უნივერსიტეტის ბიბლიოთეკა

მრავალი ცვლადის ფუნქციის დიფერენციალური აღრიცხვა. ერთი ცვლადის ფუნქციის ინტეგრალური აღრიცხვა. დიფერენციალური განტოლებები : (ბიბ.ჩანაწერი № 57980)

000 -ლიდერი
ფიქსირებული სიგრძის საკონტროლო ველი 01486nam a22002177a 4500
003 - საკონტროლო ნომრის იდენტიფიკატორი
საკონტროლო ველი Ge_BSU
005 - ბოლო ოპერაციის თარიღი და დრო
საკონტროლო ველი 20210414164050.0
008 - ფიქსირებული სიგრძის მონაცემთა ელემენტები - ზოგადი ინფორმაცია
ფიქსირებული სიგრძის საკონტროლო ველი 210414s1991 ge ||||| |||| 00| 0 geo d
041 ## - ენის კოდი
Language code of text/sound track or separate title geo
080 ## - უნივერსალური ათობითი კლასიფიკაციის ინდექსი
Universal Decimal Classification number 517.2/3(075.8) მ- 41
245 ## - ცნობა სათაურის შესახებ
Title მრავალი ცვლადის ფუნქციის დიფერენციალური აღრიცხვა. ერთი ცვლადის ფუნქციის ინტეგრალური აღრიცხვა. დიფერენციალური განტოლებები :
Remainder of title (თეორია და ამოცანათა კრებული) : სახელმძღვ. უმაღლ. სასწ. სტუდ. /
Statement of responsibility, etc ს. თოფურია, ვ. ხოჭოლავა, მ. გაბიძაშვილი, ნ. მაჭარაშვილი.
264 ## - წარმოების, გამოცემის, დისტრიბუციის და სხვა ცნობები
გამოცემის, წარმოების, დისტრიბუციის... ადგილი თბ. :
გამოცემის, წარმოების, დისტრიბუციის... სახელწოდება განათლება,
გამოცემის, წარმოების, დისტრიბუციის... თარიღი 1991.
300 ## - ფიზიკური აღწერა
Extent 696 გვ.
Other physical details 20 სმ.
653 ## - INDEX TERM--UNCONTROLLED
Uncontrolled term დიფერენციალური აღრიცხვა
653 ## - INDEX TERM--UNCONTROLLED
Uncontrolled term დიფერენციალური განტოლებები
700 ## - ADDED ENTRY--PERSONAL NAME
Personal name თოფურია, ს.
Relator term ავტორი
9 (RLIN) 11356
700 ## - ADDED ENTRY--PERSONAL NAME
Personal name ხოჭოლავა, ვ.
Relator term ავტორი
9 (RLIN) 11357
700 ## - ADDED ENTRY--PERSONAL NAME
Personal name გაბიძაშვილი, მ.
Relator term ავტორი
9 (RLIN) 1494
700 ## - ADDED ENTRY--PERSONAL NAME
Personal name მაჭარაშვილი, ნ.
Relator term ავტორი
9 (RLIN) 1495
942 ## - ADDED ENTRY ELEMENTS (KOHA)
Source of classification or shelving scheme
Koha item type წიგნი
ეგზემპლარები
ჩამოწერის სტატუსი დაკარგული ეგზემპლარის სტატუსი კლასიფიკაციის წყარო ან თაროზე გაწყობის სქემა დაზიანების სტატუსი არ გაიცემა მუდმივი მდებარეობა (დაცვის ადგილი) ამჟამინდელი ადგილსამყოფელი თაროზე განთავსების ადგილი შეძენის თარიღი ღირებულება, შესყიდვის ნორმალური ფასი სრული შენახვის შიფრი შტრიხკოდი ბოლო ოპერაციის თარიღი ეგზემპლარის მიმდევრობითი ნომერი (კეტერი?) ფასის ძალაში შესვლის თარიღი ეგზემპლარის სახეობა საჯარო შენიშვნა
          ბათუმის შოთა რუსთაველის სახელმწიფო უნივერსიტეტის მთავარი ბიბლიოთეკა ბათუმის შოთა რუსთაველის სახელმწიფო უნივერსიტეტის მთავარი ბიბლიოთეკა წიგნსაცავი 2021-04-14 15.60 517.2/3(075.8) მ- 41 29233 2021-04-14 29233 2021-04-14 წიგნი 15 ლ. 60 თ.